000 00355nam a2200133Ia 4500
008 231217s9999 xx 000 0 und d
041 _aEnglish
082 _a001.6425 AHO
100 _aAho, Alfred V. Ullman, Jefferey D. Biswas, S.
245 0 _aPrinciples of compiler design
260 _c1999
_bNarosa
_aNew Delhi
300 _axii+612
942 _cAA
999 _c171536
_d171536